000 00712nam a2200289Ia 4500
005 20260324141936.0
008 008 260324s9999 xx 000 0 eng d
020 _a9780203054291
037 _aEBOOK
040 _aCRL
040 _beng
040 _cCRL
041 _2eng
041 _aeng
084 _qCRL
100 _aBarbara Leah Harman; Susan Meyer
_91210093
245 4 _aThe New Nineteenth Century
245 0 _bFeminist Readings of Underread Victorian Fiction
260 _bTaylor and Francis
260 _c1996
365 _a
365 _b230
856 _uhttp://www.taylorfrancis.com/books/9780203054291
942 _cEBOOK
999 _c1813723
_d1813723